000 00763nam a2200229Ii 4500
003 JO-AjNU
008 230605s9999||||xx |||||||||||||| ||und||
017 _a2008/7/2260
020 _a978-9957-71-034-7
040 _aJO-AjNU
_bara
_erda
_cJO-AjNU
041 _aara
050 1 4 _aQA76.Z8384 2009
100 3 _aالزهيري ، طلال ناظم,
_eauthor
_929176
245 0 0 _a حوسبة مؤسسات المعلومات : إجراءات التحول إلى البيئة الرقمية
250 _aط1
264 3 1 _aعمان:دار دجلة ، 2009
300 _a196ص
336 _atext
_btxt
_2rdacontent
337 _aunmediated
_bn
_2rdamedia
338 _avolume
_bnc
_2rdacarrier
650 4 _aحوسبة مؤسسات المعلومات
_929177
999 _aA11409
_c14977
_d14977